[Event "Hastings Masters 2025-26"]
[Site "Hastings ENG"]
[Date "2025.12.30"]
[Round "5.22"]
[White "Ashton, Adam G"]
[Black "Patel, Zain"]
[Result "1-0"]
[WhiteTitle "FM"]
[WhiteElo "2247"]
[BlackElo "2058"]
[WhiteFideId "410110"]
[BlackFideId "469246"]
[EventDate "2025.12.28"]

1. e4 e5 2. Nf3 Nc6 3. Bb5 Nge7 4. Nc3 Ng6 5. d4 exd4 6. Nxd4 Bc5 7. Be3 Bxd4 8.
Bxd4 Qg5 9. g3 Nxd4 10. Qxd4 Ne5 11. Be2 Nc6 12. Qa4 d6 13. f4 Qe7 14. Nd5 Qd8
15. O-O-O Bd7 16. Qc4 O-O 17. h4 Be6 18. h5 Bxd5 19. exd5 Ne7 20. Bd3 Qd7 21.
Qe4 f5 22. Qc4 h6 23. Rhe1 Kh8 24. Re6 Ng8 25. Rde1 c5 26. dxc6 bxc6 27. Qd4
Rae8 28. Bxf5 Rxe6 29. Bxe6 Qe7 30. Re2 Nf6 31. b3 Nxh5 32. Bg4 Qf6 33. Qxf6
Nxf6 34. Bf3 d5 35. Kd2 g5 36. Re6 g4 37. Bg2 Kg7 38. Rxc6 Nh5 39. Rc3 d4 40.
Rd3 Nxg3 41. Rxg3 Rxf4 42. Ke2 h5 43. Bc6 h4 44. Rg1 g3 45. Rf1 Rg4 46. Bg2 Kg6
47. a4 a5 48. Rf8 Kg7 49. Kf3 Rg5 50. Rf4 Rc5 51. Rxh4 Rc3+ 52. Ke4 Kf6 53. Rg4
d3 54. cxd3 Rxb3 55. Ke3 Ra3 56. Bc6 Rc3 57. Bb5 1-0

[Event "Hastings Masters 2025-26"]
[Site "Hastings ENG"]
[Date "2025.12.30"]
[Round "5.23"]
[White "Tudoroiu, Razvan-Catalin"]
[Black "Lau, Lut Yin Luke"]
[Result "0-1"]
[BlackTitle "CM"]
[WhiteElo "2063"]
[BlackElo "2243"]
[WhiteFideId "1281100"]
[BlackFideId "6002226"]
[EventDate "2025.12.28"]

1. d4 Nf6 2. Nf3 d5 3. c4 e6 4. Nc3 Be7 5. Bf4 O-O 6. e3 c5 7. dxc5 Bxc5 8. Qc2
Nc6 9. Rd1 Re8 10. a3 e5 11. Bg5 d4 12. Nd5 Be7 13. Bxf6 Bxf6 14. Bd3 g6 15. O-O
Bg7 16. exd4 exd4 17. h3 Qd6 18. Rfe1 Be6 19. Ng5 Bxd5 20. cxd5 Ne5 21. Bb5 Red8
22. Rxd4 Qf6 23. Qd2 h6 24. f4 Nc6 25. Rd3 Nd4 26. Bc4 hxg5 27. fxg5 Qb6 28. Kh1
Nf5 29. d6 Rxd6 30. Qf4 Rad8 31. Rxd6 Qxd6 32. Qf3 Qc7 33. b3 b5 34. Bxb5 Qa5 0-1

[Event "Hastings Masters 2025-26"]
[Site "Hastings ENG"]
[Date "2025.12.30"]
[Round "5.24"]
[White "Clarke, Connor"]
[Black "Sivanandan, Bodhana"]
[Result "1/2-1/2"]
[BlackTitle "WIM"]
[WhiteElo "2058"]
[BlackElo "2229"]
[WhiteFideId "457655"]
[BlackFideId "497592"]
[EventDate "2025.12.28"]

1. d4 d5 2. c4 c6 3. cxd5 cxd5 4. Bf4 Nf6 5. Nc3 Nc6 6. e3 Bf5 7. Qb3 Na5 8.
Qa4+ Bd7 9. Qc2 Rc8 10. Nf3 e6 11. Bd3 Bb4 12. O-O O-O 13. Ne5 h6 14. Rfc1 Nh5
15. Nxd7 Qxd7 16. Be5 Bxc3 17. bxc3 Qe7 18. Qe2 Nf6 19. c4 dxc4 20. Bxf6 Qxf6
21. Bxc4 e5 22. dxe5 Qxe5 23. Rab1 Rc5 24. Bb3 Rfc8 25. Qd2 Nxb3 26. axb3 Qd5
27. Rxc5 Rxc5 28. Qxd5 Rxd5 29. Kf1 Rd2 30. Ke1 Rc2 31. b4 a6 32. b5 a5 33. b6
Rc5 34. Rd1 Rb5 35. Rd8+ Kh7 36. Ra8 Kg6 37. Ke2 Kf6 38. Ra7 Rxb6 39. Rxa5 Ke6
40. f4 f5 41. Re5+ Kf6 42. Ra5 g5 43. h3 gxf4 44. exf4 Rb4 45. Kf3 b6 46. Ra3 h5
47. Ra8 Rb3+ 48. Kf2 Rb2+ 49. Kf3 Rb3+ 50. Kf2 Rb2+ 51. Kf3 Rb3+ 52. Kf2 1/2-1/2

[Event "Hastings Masters 2025-26"]
[Site "Hastings ENG"]
[Date "2025.12.30"]
[Round "5.25"]
[White "Varney, Zoe"]
[Black "Saunders, Aron"]
[Result "0-1"]
[WhiteTitle "WFM"]
[WhiteElo "2053"]
[BlackElo "2201"]
[WhiteFideId "436135"]
[BlackFideId "469343"]
[EventDate "2025.12.28"]

1. e4 c6 2. d4 d5 3. e5 Bf5 4. h4 h5 5. Bd3 Bxd3 6. Qxd3 Qa5+ 7. Nd2 e6 8. Nf3
Nh6 9. O-O Nf5 10. Nb3 Qb5 11. Qd1 c5 12. a4 Qb6 13. dxc5 Bxc5 14. Nxc5 Qxc5 15.
c3 Nc6 16. Re1 Rc8 17. Bf4 Qb6 18. Rb1 Na5 19. g3 Qb3 20. Qe2 Qc4 21. Qd1 Nb3
22. Nd2 Nxd2 23. Bxd2 Qd3 24. Be3 Qxd1 25. Rbxd1 a6 26. Bb6 Rc4 27. a5 g5 28.
hxg5 h4 29. gxh4 Nxh4 30. Re3 Nf5 31. Ree1 Rh5 32. Kf1 Rxg5 33. Ke2 Ne7 34. Kd2
Nc6 35. Be3 Rxe5 36. f4 Rh5 37. Rh1 Rxh1 38. Rxh1 Nxa5 39. Rh8+ Kd7 40. Rh7 Ke7
41. b4 Nc6 42. Bc5+ Kf6 43. Rh6+ Kg7 44. Rh4 a5 45. Rg4+ Kf6 0-1

[Event "Hastings Masters 2025-26"]
[Site "Hastings ENG"]
[Date "2025.12.30"]
[Round "5.26"]
[White "Manmay Chopra"]
[Black "ONUOHA, Obioma"]
[Result "1-0"]
[WhiteTitle "CM"]
[WhiteElo "2170"]
[BlackElo "2056"]
[WhiteFideId "25649191"]
[BlackFideId "8505837"]
[EventDate "2025.12.28"]

1. Nf3 d5 2. g3 e6 3. Bg2 f5 4. O-O Nf6 5. c4 c6 6. b3 Bd6 7. Bb2 O-O 8. d3 Nbd7
9. cxd5 exd5 10. e3 Qe7 11. Nbd2 Ng4 12. Qc2 Ndf6 13. Rae1 Kh8 14. Nd4 Qf7 15.
N2f3 Bd7 16. h3 Nh6 17. Ne2 Rae8 18. Nf4 Qe7 19. Bc3 Nf7 20. b4 b6 21. Qb2 Ne5
22. Rc1 a6 23. Nxe5 Bxe5 24. Bxe5 Qxe5 25. Qxe5 Rxe5 26. d4 Re7 27. a4 Ne4 28.
Bxe4 fxe4 29. h4 b5 30. a5 g6 31. Rc3 Kg7 32. f3 exf3 33. Kf2 h6 34. h5 gxh5 35.
Nxh5+ Kg6 36. Nf4+ Kg5 37. Rh1 Be8 38. Kxf3 Rf6 39. g4 Rxe3+ 40. Rxe3 Rxf4+ 41.
Ke2 Bf7 42. Re5+ Kxg4 43. Rg1+ Kh4 44. Rh1+ Kg4 45. Rxh6 Rxd4 46. Rxc6 Rxb4 47.
Rxa6 d4 48. Kd3 Ra4 49. Re4+ Kf5 50. Rxd4 Bc4+ 51. Kc3 Ke5 52. Rd8 Bd5 53. Re8+
Kf4 54. Rf6+ Kg5 55. Rb6 Bc4 56. a6 Kf5 57. Re7 Ra3+ 58. Kb4 Rb3+ 59. Kc5 Bd3
60. a7 Ra3 61. Rb8 Be4 62. Rxe4 Rxa7 63. Re1 1-0

[Event "Hastings Masters 2025-26"]
[Site "Hastings ENG"]
[Date "2025.12.30"]
[Round "5.28"]
[White "Liu, Yiyi"]
[Black "Kendall, Arthur"]
[Result "1-0"]
[WhiteElo "1791"]
[BlackElo "2000"]
[WhiteFideId "8617171"]
[BlackFideId "343410960"]
[EventDate "2025.12.28"]

1. d4 Nf6 2. c4 g6 3. Nc3 Bg7 4. e4 d6 5. Nf3 O-O 6. Be2 e5 7. dxe5 dxe5 8. Qxd8
Rxd8 9. Nd5 Na6 10. Bg5 Rd6 11. Bxf6 Bxf6 12. Nxf6+ Rxf6 13. Nxe5 Re6 14. f4 f6
15. Ng4 Kg7 16. e5 fxe5 17. Nxe5 Nb4 18. Rd1 Nc6 19. Nxc6 bxc6 20. Kf2 Rb8 21.
b3 a5 22. Bf3 a4 23. Rd8 axb3 24. axb3 c5 25. Bg4 Rxb3 26. Rxc8 Rb2+ 27. Kg3
Re3+ 28. Bf3 Re7 29. h3 Kh6 30. Ra1 c6 31. Rxc6 Rb3 32. Rxc5 Rb2 33. Re5 Rc7 34.
c5 Rb3 35. Rc1 Rb2 36. c6 Ra2 37. Rd5 Ra3 38. Rd7 Rc3 39. Rxc3 Rxc6 1-0

[Event "Hastings Masters 2025-26"]
[Site "Hastings ENG"]
[Date "2025.12.30"]
[Round "5.29"]
[White "Swiatkowski, Aram"]
[Black "Sciupokas, Arunas"]
[Result "1-0"]
[WhiteElo "1843"]
[BlackElo "1990"]
[WhiteFideId "343415210"]
[BlackFideId "12803693"]
[EventDate "2025.12.28"]

1. e4 Nf6 2. Nc3 e5 3. Nf3 Nc6 4. d4 exd4 5. Nxd4 Bc5 6. Be3 Bxd4 7. Bxd4 Qe7 8.
f3 O-O 9. Be2 d6 10. O-O Nxd4 11. Qxd4 Be6 12. f4 c5 13. Qd3 Rad8 14. Rae1 a6
15. Qg3 Qc7 16. f5 Bc8 17. Nd5 Nxd5 18. exd5 f6 19. Bh5 Rd7 20. Qe3 g6 21. fxg6
Rg7 22. gxh7+ Kh8 23. Qh6 f5 24. Re2 Qd8 25. Rfe1 Bd7 26. Qxd6 Kxh7 27. Re7 Rg8
28. Qg6+ 1-0

[Event "Hastings Masters 2025-26"]
[Site "Hastings ENG"]
[Date "2025.12.30"]
[Round "5.30"]
[White "Eldridge, Albert"]
[Black "Rayner, Francis"]
[Result "1/2-1/2"]
[WhiteElo "1781"]
[BlackElo "1983"]
[WhiteFideId "343438857"]
[BlackFideId "1800132"]
[EventDate "2025.12.28"]

1. d4 Nf6 2. Bf4 d6 3. Nf3 g6 4. h3 Bg7 5. e3 O-O 6. Be2 c5 7. O-O b6 8. Bh2 Bb7
9. c4 cxd4 10. exd4 d5 11. Nc3 Nbd7 12. Qb3 dxc4 13. Qxc4 Rc8 14. Qb3 Ne4 15.
Rfd1 Ndf6 16. Nd2 Nxd2 17. Rxd2 Nd5 18. Bf3 Bh6 19. Rc2 e6 20. Nb5 Rxc2 21. Qxc2
Nb4 22. Qc4 Bxf3 23. Qxb4 a5 24. Qd6 Qg5 25. Bg3 Qxb5 26. gxf3 Qxb2 27. Rd1 b5
28. Qb6 Qe2 29. Rb1 Qxf3 30. Rxb5 Be3 31. Kf1 Rc8 32. Rb1 Bd2 33. Qb5 h5 34. h4
Qe4 35. Be5 Bf4 36. Qb8 Qh1+ 37. Ke2 Qe4+ 38. Kf1 Qh1+ 39. Ke2 Qe4+ 1/2-1/2

[Event "Hastings Masters 2025-26"]
[Site "Hastings ENG"]
[Date "2025.12.30"]
[Round "5.31"]
[White "Ashton, Alannah"]
[Black "Skytte, Rasmus"]
[Result "0-1"]
[WhiteTitle "WCM"]
[BlackTitle "IM"]
[WhiteElo "1983"]
[BlackElo "2354"]
[WhiteFideId "480681"]
[BlackFideId "1404210"]
[EventDate "2025.12.28"]

1. e4 d5 2. exd5 Qxd5 3. Nf3 Bg4 4. Be2 Nc6 5. d4 Nf6 6. c4 Qd6 7. Be3 e6 8. O-O
Be7 9. Nc3 O-O 10. Qd2 Rfd8 11. Rad1 a6 12. a3 h6 13. b4 Bf5 14. Bd3 Bg4 15. Be2
Bf8 16. h3 Bh5 17. Qb2 Bg6 18. Rd2 Ne4 19. Nxe4 Bxe4 20. Rfd1 b5 21. cxb5 axb5
22. Bxb5 Bxf3 23. gxf3 Ne7 24. Bd3 f5 25. Re2 Ng6 26. Bc4 Nh4 27. Bxe6+ Qxe6 28.
Bf4 Qg6+ 29. Bg3 Nxf3+ 30. Kg2 Ng5 31. h4 Ne4 32. Qc1 Bd6 33. h5 Qg4 34. Qc4+
Kh8 35. Qd3 Nxg3 36. fxg3 Rxa3 37. Ree1 Rxd3 38. Rxd3 f4 39. d5 Qxh5 40. b5 fxg3
41. b6 Qh2+ 42. Kf3 Rf8+ 43. Ke4 0-1

[Event "Hastings Masters 2025-26"]
[Site "Hastings ENG"]
[Date "2025.12.30"]
[Round "5.32"]
[White "Janse, Jan Jaap"]
[Black "Dewangan, Aayush"]
[Result "1-0"]
[WhiteElo "2170"]
[BlackElo "1981"]
[WhiteFideId "1010344"]
[BlackFideId "469700"]
[EventDate "2025.12.28"]

1. d4 Nf6 2. Bg5 d5 3. Bxf6 gxf6 4. e3 c5 5. Nf3 Nc6 6. c4 cxd4 7. Nxd4 e5 8.
Nxc6 bxc6 9. cxd5 Qxd5 10. Nc3 Bb4 11. Qc2 Qc5 12. Rc1 Rb8 13. Qe4 Qd5 14. Qxb4
Rxb4 15. Nxd5 Rxb2 16. Bd3 Kd7 17. Nc3 Ke7 18. Rb1 Rxb1+ 19. Nxb1 Be6 20. Nc3 f5
21. e4 Rd8 22. Bb1 fxe4 23. Nxe4 Bc4 24. Nd2 Bd3 25. Bxd3 Rxd3 26. Nb3 Rd5 27.
Ke2 Rb5 28. Rc1 Kd6 29. Rc4 f6 30. Rh4 Rb7 31. Rh6 Rf7 32. Kd3 Kd5 33. Nd2 f5
34. f3 Rg7 35. g3 Rf7 36. Rh5 a6 37. Nc4 Ke6 38. Rh6+ Kd5 39. Ne3+ Kc5 40. Re6
Rd7+ 41. Kc3 e4 42. fxe4 fxe4 43. Rxe4 Rf7 44. Re5+ Kd6 45. Rf5 Re7 46. Kd3 Rd7
47. Rh5 Ke6+ 48. Kc3 Rf7 49. Rh6+ Kd7 50. Nc4 Re7 51. Kd4 Re2 52. Rxh7+ Kc8 53.
a4 Ra2 54. Kc5 Rc2 55. g4 1-0

[Event "Hastings Masters 2025-26"]
[Site "Hastings ENG"]
[Date "2025.12.30"]
[Round "5.33"]
[White "Rida, Ruqayyah"]
[Black "Rastogi, Nayan Keats"]
[Result "1/2-1/2"]
[WhiteTitle "WFM"]
[WhiteElo "2068"]
[BlackElo "1939"]
[WhiteFideId "343272375"]
[BlackFideId "343407579"]
[EventDate "2025.12.28"]

1. e4 c5 2. Nf3 d6 3. d4 cxd4 4. Nxd4 Nf6 5. Nc3 a6 6. f3 e5 7. Nb3 Be6 8. Be3
h5 9. Qd2 Nbd7 10. O-O-O Be7 11. Kb1 b5 12. Nd5 Nxd5 13. exd5 Bf5 14. Na5 Qc7
15. Nc6 Bf6 16. Ka1 Nb8 17. Nxb8 Rxb8 18. Bd3 Bxd3 19. Qxd3 a5 20. h4 Qc4 21.
Qd2 Kd7 22. Bg5 Bxg5 23. Qxg5 Qf4 24. Qxf4 exf4 25. Rd4 f6 26. Rxf4 Rbe8 27. c4
b4 28. Kb1 Re2 29. Re4 Re8 30. Rxe8 Kxe8 31. Rg1 a4 32. g4 1/2-1/2

[Event "Hastings Masters 2025-26"]
[Site "Hastings ENG"]
[Date "2025.12.30"]
[Round "5.34"]
[White "Norinkeviciute, Rasa"]
[Black "Blanquet, Camille"]
[Result "0-1"]
[WhiteTitle "WFM"]
[BlackTitle "WFM"]
[WhiteElo "1904"]
[BlackElo "2132"]
[WhiteFideId "12801925"]
[BlackFideId "36037354"]
[EventDate "2025.12.28"]

1. c4 e6 2. g3 d5 3. Bg2 Nf6 4. Nf3 Be7 5. b3 d4 6. Bb2 c5 7. b4 O-O 8. O-O Qb6
9. Qb3 Nc6 10. bxc5 Bxc5 11. d3 e5 12. Nbd2 Re8 13. Ng5 Bg4 14. f3 Bf5 15. Nge4
Nxe4 16. Nxe4 Bxe4 17. fxe4 Qxb3 18. axb3 Nb4 19. Ra5 b6 20. Ra4 a5 21. Bh3 Rad8
22. Bc1 Na6 23. Rf3 Bb4 24. Ra1 Nc5 25. Rb1 Ra8 26. Bf1 b5 27. cxb5 Rab8 28. e3
Bc3 29. exd4 exd4 30. Ba3 Rxb5 31. Bxc5 Rxc5 32. Rf2 Rb8 33. Ra2 Rcb5 34. Ra3 g6
35. Be2 Kg7 36. Bg4 Rc5 37. Ra2 Bb4 38. Bd7 Rc3 39. Rd1 Rxb3 40. Bc6 Bc3 41. Bd5
Rb2 42. Rf1 f6 43. Rf2 Rxa2 44. Rxa2 Kf8 45. Ra4 Bb4 46. Kf2 Ke7 47. Kf3 Kd6 48.
Bc4 Bc3 49. h4 Rb1 50. Bg8 h6 51. Bf7 Rd1 52. Bc4 Bb4 53. Ra2 Kc5 54. Kg4 Rg1
55. Rf2 h5+ 56. Kh3 Be1 57. Rxf6 Rxg3+ 58. Kh2 Rg4 59. Bf7 Rxh4+ 60. Kg2 Rg4+
61. Kf1 Bc3 62. Bxg6 h4 63. Rf5+ Kd6 64. Be8 Rg3 65. Bb5 h3 66. Rh5 Ke6 67. Kf2
Re3 68. Kg1 Bb4 69. Bc4+ Kf6 70. Bb5 Bd6 71. Bd7 h2+ 72. Kf2 Rxd3 73. Bc6 Be5
74. Rf5+ Ke6 75. Rh5 Rd1 76. Rh6+ Ke7 77. Rh7+ Kf6 78. Rh6+ Kg7 0-1

[Event "Hastings Masters 2025-26"]
[Site "Hastings ENG"]
[Date "2025.12.30"]
[Round "5.35"]
[White "Lee, Younggyu"]
[Black "Bharat Kumar, Balahari"]
[Result "1-0"]
[WhiteElo "1892"]
[BlackElo "2068"]
[WhiteFideId "13227378"]
[BlackFideId "496464"]
[EventDate "2025.12.28"]

1. Nf3 Nf6 2. g3 b6 3. Bg2 Bb7 4. d3 c5 5. e4 d6 6. O-O g6 7. Bg5 Bg7 8. Qc1 O-O
9. Bh6 Nc6 10. Bxg7 Kxg7 11. Nbd2 Qc7 12. c3 d5 13. Re1 e5 14. exd5 Nxd5 15. h4
Rad8 16. Nc4 Rfe8 17. h5 f6 18. h6+ Kg8 19. Nfd2 b5 20. Ne3 Nxe3 21. Rxe3 Qe7
22. a4 a6 23. axb5 axb5 24. Qc2 Qf7 25. Ne4 c4 26. dxc4 bxc4 27. Nc5 f5 28. Nxb7
Qxb7 29. Qa4 e4 30. Qxc4+ Kh8 31. b4 Ne5 32. Qc5 Rc8 33. Qa7 Qxa7 34. Rxa7 Nc4
35. Re1 Red8 36. Re7 Nb6 37. Ra1 Ra8 38. Rxa8 Rxa8 39. Re6 Nd5 40. Rc6 Kg8 41.
Rc5 Ra1+ 42. Kh2 Nf6 43. Bh3 Ra2 44. Kg1 Ra1+ 45. Kg2 Ra2 46. Kg1 Ra1+ 47. Bf1
e3 48. Kg2 exf2 49. Bc4+ Kf8 50. Rc8+ Ke7 51. Kxf2 Ne4+ 52. Ke3 Rg1 53. Bd3
Rxg3+ 54. Kd4 Nf2 55. Bb5 Ng4 56. Rc7+ Kf6 57. Rxh7 Kg5 58. Be2 Nxh6 59. b5 f4
60. b6 Nf5+ 61. Kc4 f3 62. Bxf3 Rxf3 63. b7 Nd6+ 64. Kd4 Rf8 65. Rd7 Nf5+ 66.
Kd5 Kf6 67. Kc6 Ke6 68. Kc7 Ne7 69. c4 g5 70. Rd6+ Ke5 71. Rd8 Rf4 72. b8=Q 1-0

[Event "Hastings Masters 2025-26"]
[Site "Hastings ENG"]
[Date "2025.12.30"]
[Round "5.36"]
[White "Anjulan, Ashwin"]
[Black "Barbu, Simon-Alexandru"]
[Result "0-1"]
[WhiteElo "1876"]
[BlackElo "2051"]
[WhiteFideId "343411622"]
[BlackFideId "1257170"]
[EventDate "2025.12.28"]

1. e4 c6 2. d4 d5 3. exd5 cxd5 4. Bd3 Nc6 5. c3 Nf6 6. Bf4 Bg4 7. Qb3 Qd7 8. Nd2
e6 9. Ngf3 Bd6 10. Bxd6 Qxd6 11. O-O O-O 12. Rae1 Ne7 13. Ne5 Bf5 14. Bxf5 Nxf5
15. g4 Ne7 16. f4 b5 17. Re3 h5 18. h3 Rab8 19. Qd1 b4 20. f5 exf5 21. gxf5 bxc3
22. bxc3 Rb2 23. Rf2 Rfb8 24. Rg3 Nc6 25. Qe1 h4 26. Rgg2 Qc7 27. Qe3 Nxe5 28.
dxe5 Ne4 29. Nxe4 Rb1+ 30. Rf1 Qxe5 31. Qg5 dxe4 32. Rxb1 Rxb1+ 33. Kf2 Qc5+ 34.
Ke2 Qc4+ 35. Ke3 Qd3+ 36. Kf4 Qf3+ 37. Ke5 Rb5+ 38. Kd6 Qd3+ 39. Ke7 Rb7+ 40.
Ke8 Qd7# 0-1

[Event "Hastings Masters 2025-26"]
[Site "Hastings ENG"]
[Date "2025.12.30"]
[Round "5.37"]
[White "Dupuis, Denis K"]
[Black "Gupta, Aditya"]
[Result "1-0"]
[WhiteElo "2045"]
[BlackElo "1808"]
[WhiteFideId "452980"]
[BlackFideId "343418643"]
[EventDate "2025.12.28"]

1. e4 c5 2. Nc3 e6 3. f4 d5 4. Nf3 dxe4 5. Nxe4 Nc6 6. Bb5 Bd7 7. O-O Nf6 8. d3
a6 9. Bxc6 Bxc6 10. Nxf6+ gxf6 11. f5 e5 12. Qe2 Qc7 13. Nd2 Bd6 14. Ne4 Bxe4
15. Qxe4 O-O-O 16. a4 h5 17. Be3 Rhg8 18. h3 Rg7 19. Rf2 Rdg8 20. Ra3 Rg3 21.
Kf1 Qc6 22. Rc3 Qxe4 23. dxe4 b6 24. Rd2 Kc7 25. Rcd3 Rd8 26. b4 Be7 27. Rxd8
Bxd8 28. Kf2 h4 29. bxc5 bxc5 30. Bxc5 Rc3 31. Bb4 Rc4 32. Ba5+ Kc6 33. Bxd8
Rxa4 34. Re2 1-0

[Event "Hastings Masters 2025-26"]
[Site "Hastings ENG"]
[Date "2025.12.30"]
[Round "5.38"]
[White "Kilambi, Venkata Ananth Akshay"]
[Black "Pai, Sidhanth"]
[Result "1/2-1/2"]
[WhiteElo "2038"]
[BlackElo "1842"]
[WhiteFideId "489395"]
[BlackFideId "343111937"]
[EventDate "2025.12.28"]

1. Nf3 c5 2. b3 Nc6 3. Bb2 Nf6 4. g3 g6 5. Bg2 Bg7 6. O-O O-O 7. c4 d6 8. d4
cxd4 9. Nxd4 Bd7 10. e3 a6 11. Nc3 Rc8 12. Qe2 Qa5 13. a3 Qb6 14. Na4 Qc7 15.
Nc3 Qb6 16. b4 Ne5 17. Nd5 Nxd5 18. cxd5 Nc4 19. Rac1 Nxb2 20. Qxb2 Rc7 21. Rxc7
Qxc7 22. Rc1 Qb8 23. Qd2 Rc8 24. Be4 Rc7 25. Rxc7 Qxc7 26. Qc2 Qxc2 27. Bxc2
Bxd4 28. exd4 b6 29. f3 Bb5 30. Bb3 Bd7 1/2-1/2

[Event "Hastings Masters 2025-26"]
[Site "Hastings ENG"]
[Date "2025.12.30"]
[Round "5.39"]
[White "Freeman, Luke"]
[Black "Balzer, Lars"]
[Result "1-0"]
[WhiteElo "1867"]
[BlackElo "2026"]
[WhiteFideId "343411959"]
[BlackFideId "4646452"]
[EventDate "2025.12.28"]

1. e4 c5 2. Nf3 a6 3. c3 d6 4. d4 Qc7 5. Bd3 g6 6. O-O Bg7 7. h3 e5 8. Be3 Nf6
9. a4 O-O 10. Nbd2 b6 11. Qe2 Re8 12. d5 Nh5 13. Nc4 Nd7 14. Qd2 Bf8 15. Nh2
Ndf6 16. g4 Ng7 17. f3 Bd7 18. Bg5 Be7 19. f4 b5 20. Na3 c4 21. Bc2 Qd8 22. Rf2
Rf8 23. fxe5 Nxd5 24. Bxe7 Nxe7 25. exd6 Nc6 26. axb5 axb5 27. Raf1 Ne6 28. Rf6
Qb6+ 29. Qf2 Qxf2+ 30. R6xf2 Ne5 31. Nf3 Nxf3+ 32. Rxf3 Ng5 33. Re3 Ra6 34. Rd1
Nxh3+ 35. Rxh3 Bxg4 36. d7 Rd8 37. Rh2 Bxd1 38. Bxd1 Rxd7 39. Be2 Rb6 40. Bf1
Rd1 41. Rf2 Kf8 42. Kh2 Ke7 43. Bg2 f6 44. Nc2 Ke6 45. Ne3 Rb1 46. Nd5 Rb7 47.
Rxf6+ Ke5 48. Rf2 Ra7 49. Nb4 Rd7 50. Nc6+ Kd6 51. e5+ Kc7 52. e6 Rdd1 53. e7
Re1 54. Rf8 Rxb2 55. e8=Q Rxe8 56. Rxe8 Kd6 57. Nb4 Rb3 58. Nd5 Rb2 59. Kg3 Rd2
60. Rb8 Kc5 61. Nb4 Re2 62. Rc8+ Kd6 63. Rd8+ Ke7 64. Nc6+ Kf6 65. Rf8+ Kg5 66.
Nd4 Re3+ 67. Rf3 Re5 68. Kf2 Kh6 69. Re3 Rc5 70. Bc6 g5 71. Bxb5 Kh5 72. Be8+
Kh4 73. Nf3+ Kg4 74. Re5 Rc7 75. Rxg5+ Kf4 76. Rd5 h6 77. Bd7 Ke4 78. Rd4# 1-0

[Event "Hastings Masters 2025-26"]
[Site "Hastings ENG"]
[Date "2025.12.30"]
[Round "5.40"]
[White "Chapman, Luke"]
[Black "Vaidyanathan, Sathya"]
[Result "1/2-1/2"]
[WhiteElo "1976"]
[BlackElo "1842"]
[WhiteFideId "343416608"]
[BlackFideId "490539"]
[EventDate "2025.12.28"]

1. e4 e5 2. Nf3 Nc6 3. d4 exd4 4. Nxd4 Nf6 5. Nxc6 bxc6 6. e5 Qe7 7. Qe2 Nd5 8.
h4 Qe6 9. Nd2 a5 10. c4 Nb6 11. g3 Bb4 12. a3 Bxd2+ 13. Bxd2 Ba6 14. Rc1 O-O 15.
Bf4 Rfe8 16. b3 a4 17. b4 d6 18. exd6 Bxc4 19. Qxe6 Rxe6+ 20. Kd2 Bd5 21. Rg1
cxd6 22. Be3 Nd7 23. Bh3 Re7 24. Bxd7 Rxd7 25. Bd4 Re8 26. Rge1 Re6 27. Be3 h6
28. Bf4 Kh7 29. Re3 Rxe3 30. Bxe3 f6 31. Re1 g5 32. Bd4 Kg6 33. hxg5 fxg5 34.
Re8 c5 35. Bc3 Bb3 36. Ke3 Bf7 37. Ra8 Re7+ 38. Kd2 Bb3 39. Ra6 Re6 40. bxc5
dxc5 41. Rxe6+ Bxe6 42. Ke3 Kf5 43. Be1 h5 44. f3 Bb3 45. Kd3 Ke5 46. Bc3+ Kd5
47. Bf6 c4+ 48. Kc3 Bd1 49. Bxg5 1/2-1/2

[Event "Hastings Masters 2025-26"]
[Site "Hastings ENG"]
[Date "2025.12.30"]
[Round "5.41"]
[White "Ruane, Brendan J"]
[Black "Turner, Lewis A"]
[Result "1/2-1/2"]
[WhiteElo "1857"]
[BlackElo "1945"]
[WhiteFideId "430218"]
[BlackFideId "412600"]
[EventDate "2025.12.28"]

1. a3 g6 2. e4 c5 3. Nc3 Bg7 4. Bc4 Nc6 5. d3 e6 6. Nge2 Nge7 7. Nf4 O-O 8. O-O
a6 9. Ba2 b5 10. h4 h5 11. g4 e5 12. Ng2 hxg4 13. Qxg4 Nd4 14. Qd1 Bb7 15. Bg5
Ne6 16. Bxe7 Qxe7 17. Bd5 Bc6 18. Qg4 Nd4 19. Ne3 Qxh4 20. Qxh4 Nf3+ 21. Kg2
Nxh4+ 22. Kg3 g5 23. b4 cxb4 24. axb4 Rfc8 25. Bb3 Bf6 26. Ncd5 Bd8 27. Ra2 Kg7
28. Rfa1 Bb7 29. Kg4 Rc6 30. Kg3 Bb6 31. Nxb6 Rxb6 32. Bd5 Bxd5 33. Nxd5 Rc6 34.
Kg4 f6 35. c4 bxc4 36. b5 f5+ 37. exf5 Rc5 38. Rxa6 Rxd5 39. Rxa8 Rd4+ 40. Kh3
Rxd3+ 41. Kh2 Rb3 42. Rd1 Nf3+ 43. Kg2 Nd4 44. Ra7 c3 45. Rxd7+ Kf6 46. R7xd4
exd4 47. Rxd4 Rxb5 48. Rc4 Rb3 49. Kf3 Kxf5 50. Rc5+ Ke6 51. Ke2 Rb2+ 52. Ke1 c2
53. Kd2 Kf6 54. Rxc2 Rxc2+ 55. Kxc2 Ke5 56. Kd2 Kf4 1/2-1/2

[Event "Hastings Masters 2025-26"]
[Site "Hastings ENG"]
[Date "2025.12.30"]
[Round "5.42"]
[White "Rubeck, Jonathan"]
[Black "Saxena, Reyansh"]
[Result "1-0"]
[WhiteElo "1913"]
[BlackElo "1641"]
[WhiteFideId "435678"]
[BlackFideId "343423884"]
[EventDate "2025.12.28"]

1. e4 e6 2. d4 d5 3. Bd3 dxe4 4. Bxe4 f5 5. Bf3 Nf6 6. Ne2 Be7 7. O-O O-O 8. c4
c6 9. Nbc3 a5 10. Re1 Bd7 11. Nf4 Qc8 12. d5 exd5 13. Rxe7 dxc4 14. b3 cxb3 15.
Qxb3+ Kh8 16. Ba3 Na6 17. Rae1 Re8 18. Qf7 Rxe7 19. Rxe7 Qg8 20. Rxd7 Nxd7 21.
Qxd7 Qc4 22. Nfe2 b5 23. Qxc6 Rc8 24. Qxa6 b4 25. Qxc4 Rxc4 26. Bb2 bxc3 27.
Bxc3 Ra4 28. Bd5 Ra3 29. Bb3 a4 30. Bb4 axb3 31. Bxa3 bxa2 32. Bb2 h5 33. Nc3
a1=Q+ 34. Bxa1 g5 35. Ne4+ Kh7 36. Nxg5+ Kh6 37. h4 Kg6 38. f4 Kh6 39. Kf2 Kg6
40. Ke3 Kh6 41. Kd4 Kg6 42. Ke5 Kh6 43. Nf7+ Kg7 44. Nd6 Kh7 45. Kxf5 Kg8 46.
Kg5 Kh7 47. Kxh5 Kg8 48. Kg6 Kf8 49. h5 Ke7 50. h6 1-0

[Event "Hastings Masters 2025-26"]
[Site "Hastings ENG"]
[Date "2025.12.30"]
[Round "5.43"]
[White "Sadler, Ben"]
[Black "Brewer, Callum D"]
[Result "0-1"]
[WhiteElo "1882"]
[BlackElo "2175"]
[WhiteFideId "472190"]
[BlackFideId "435309"]
[EventDate "2025.12.28"]

1. Nf3 d5 2. g3 Nd7 3. Bg2 e5 4. d3 Ngf6 5. O-O c6 6. Nbd2 Bd6 7. e4 O-O 8. b3
Re8 9. Bb2 a5 10. Re1 Qc7 11. exd5 cxd5 12. c4 d4 13. Ng5 Bb4 14. Nge4 Nxe4 15.
Bxe4 Nc5 16. f4 Nxe4 17. Rxe4 Bf5 18. Rxe5 Rxe5 19. fxe5 Qxe5 20. Ne4 Re8 21.
Qf3 Bxe4 22. Qxe4 Qxe4 23. dxe4 Rxe4 24. Rd1 f5 25. Kf2 Bc5 26. Kf3 Re3+ 27. Kf4
Re2 28. Ba1 g6 29. Kf3 d3 30. g4 Rf2+ 31. Kg3 f4+ 0-1

[Event "Hastings Masters 2025-26"]
[Site "Hastings ENG"]
[Date "2025.12.30"]
[Round "5.44"]
[White "Skytte, Robert"]
[Black "Swiatkowski, Dominik"]
[Result "1-0"]
[WhiteTitle "CM"]
[WhiteElo "2050"]
[BlackElo "1874"]
[WhiteFideId "1471775"]
[BlackFideId "343415202"]
[EventDate "2025.12.28"]

1. e4 e5 2. Nf3 Nc6 3. Bc4 Bc5 4. d4 exd4 5. Ng5 Nh6 6. Nxf7 Nxf7 7. Bxf7+ Kxf7
8. Qh5+ Kf8 9. Qxc5+ d6 10. Qc4 Qe7 11. Qe2 Bd7 12. O-O Kf7 13. c3 Rhf8 14. cxd4
Nxd4 15. Qc4+ Ne6 16. f4 Qf6 17. Be3 b5 18. Qb3 Ke7 19. Nc3 c6 20. Rad1 a5 21.
Rxd6 Rad8 22. Rfd1 h6 23. f5 1-0